Loading...
The management refresher a reader for every manager
| Hovedforfatter: | |
|---|---|
| Format: | Printed Book |
| Sprog: | English |
| Udgivet: |
New Delhi
Vikas
1993
|
| Fag: |
| LEADER | 00574nam a22001817a 4500 | ||
|---|---|---|---|
| 005 | 20151215125156.0 | ||
| 008 | 091107t xxu||||| |||| 00| 0 eng d | ||
| 082 | |a 658 |b NAG | ||
| 100 | |a Nag, A. |9 6993 | ||
| 245 | |a The management refresher |b a reader for every manager | ||
| 300 | |a ix, 196p. | ||
| 653 | |a Management | ||
| 942 | |c BK |6 _ | ||
| 260 | |a New Delhi |b Vikas |c 1993 | ||
| 500 | |a Including notes and references | ||
| 020 | |a 0706980026 | ||
| 999 | |c 98773 |d 98773 | ||
| 952 | |0 0 |1 0 |2 ddc |4 0 |6 658_NAG |7 0 |9 124444 |a SMS |b SMS |c GEN |d 2009-11-07 |o 658 NAG |p SMS018509 |r 2009-11-07 |w 2009-11-07 |y BK | ||